Catalogue of the Spanish library and of the Portuguese books bequeathed by George Ticknor to the Boston Public Library, together with the collection of Spanish and Portuguese literature in the General Library / (Record no. 167924)
[ view plain ]
| 000 -LEADER | |
|---|---|
| campo de control de longitud fija | 01074nam a2200229 i 4500 |
| 001 - NÚMERO DE CONTROL | |
| campo de control | 167924 |
| 003 - IDENTIFICADOR DE NÚMERO DE CONTROL | |
| campo de control | ES-MaACL |
| 005 - FECHA Y HORA DE LA ÚLTIMA TRANSACCIÓN | |
| campo de control | 20230906213626.0 |
| 008 - DATOS DE LONGITUD FIJA--INFORMACIÓN GENERAL | |
| campo de control de longitud fija | 990428s1879 xxu |||| | eng d |
| 040 ## - FUENTE DE CATALOGACIÓN | |
| Centro catalogador/agencia de origen | CCPB | B |
| Lengua de catalogación | spa |
| Centro/agencia transcriptor | CCPB | B |
| 100 1# - ENTRADA PRINCIPAL--NOMBRE DE PERSONA | |
| Nombre de persona | Whitney, James Lyman. |
| 9 (RLIN) | 133925 |
| 245 10 - MENCIÓN DEL TÍTULO | |
| Título | Catalogue of the Spanish library and of the Portuguese books bequeathed by George Ticknor to the Boston Public Library, together with the collection of Spanish and Portuguese literature in the General Library / |
| Mención de responsabilidad, etc. | by James Lyman Whitney. |
| 260 ## - PUBLICACIÓN, DISTRIBUCIÓN, ETC. | |
| Lugar de publicación, distribución, etc. | Boston : |
| Nombre del editor, distribuidor, etc. | by Order of the Trustees, |
| Fecha de publicación, distribución, etc. | 1879 ( |
| Fabricante | Press of Rockwell and Churchill) |
| 300 ## - DESCRIPCIÓN FÍSICA | |
| Extensión | XIV, 476 p. ; |
| Dimensiones | 29 cm. |
| 610 24 - PUNTO DE ACCESO ADICIONAL DE MATERIA--NOMBRE DE ENTIDAD CORPORATIVA | |
| Nombre de entidad corporativa o nombre de jurisdicción como elemento de entrada | Boston Public Library. |
| Unidad subordinada | Ticknor Collection- |
| Subdivisión de forma | Catálogos. |
| 9 (RLIN) | 159597 |
| 650 #4 - PUNTO DE ACCESO ADICIONAL DE MATERIA--TÉRMINO DE MATERIA | |
| Término de materia o nombre geográfico como elemento de entrada | Libros españoles- |
| Subdivisión de forma | Bibliografías. |
| 9 (RLIN) | 137474 |
| 650 #4 - PUNTO DE ACCESO ADICIONAL DE MATERIA--TÉRMINO DE MATERIA | |
| Término de materia o nombre geográfico como elemento de entrada | Libros portugueses- |
| Subdivisión de forma | Bibliografías. |
| 9 (RLIN) | 159598 |
| 651 #4 - PUNTO DE ACCESO ADICIONAL DE MATERIA--NOMBRE GEOGRÁFICO | |
| Nombre geográfico | España- |
| Subdivisión de forma | Bibliografías. |
| 9 (RLIN) | 149031 |
| 651 #4 - PUNTO DE ACCESO ADICIONAL DE MATERIA--NOMBRE GEOGRÁFICO | |
| Nombre geográfico | Portugal- |
| Subdivisión general | Bibliografías. |
| 9 (RLIN) | 9248 |
| 710 2# - ENTRADA AGREGADA--NOMBRE DE ENTIDAD CORPORATIVA | |
| Nombre de entidad corporativa o nombre de jurisdicción como elemento de entrada | Boston Public Library. |
| Unidad subordinada | Ticknor Collection. |
| 9 (RLIN) | 159599 |
| 852 ## - LOCALIZACIÓN | |
| Ubicación | ES-MaACL |
| Número de control de estantería | G-7329 |
| Nota libre | -- Enc. hol. |
| Estatus retirado | Estado de pérdida | Estado de daño | No para préstamo | Colección | Biblioteca de origen | Biblioteca actual | Ubicación en estantería | Fecha de adquisición | Fuente de adquisición | Total de préstamos | Signatura topográfica completa | Código de barras | Visto por última vez | Precio de reemplazo | Tipo de ítem Koha |
|---|---|---|---|---|---|---|---|---|---|---|---|---|---|---|---|
| Libros del s. XIX | Biblioteca del Ateneo de Madrid | Biblioteca del Ateneo de Madrid | Depósito 2 | 17/01/2008 | G-7329 | 1176172 | 23/02/2023 | 23/02/2023 | Libro impreso antiguo |
